Bey mousam ki barish/ (Record no. 329984)
[ view plain ]
| 000 -LEADER | |
|---|---|
| fixed length control field | nam a22 7a 4500 |
| 003 - CONTROL NUMBER IDENTIFIER | |
| control field | NUST |
| 005 - DATE AND TIME OF LATEST TRANSACTION | |
| control field | 20170615105200.0 |
| 008 - FIXED-LENGTH DATA ELEMENTS--GENERAL INFORMATION | |
| fixed length control field | 170602b xxu||||| |||| 00| 0 eng d |
| 020 ## - INTERNATIONAL STANDARD BOOK NUMBER | |
| International Standard Book Number | 9698127216 |
| 040 ## - CATALOGING SOURCE | |
| Transcribing agency | NUST |
| 082 ## - DEWEY DECIMAL CLASSIFICATION NUMBER | |
| Classification number | 891.4393 |
| Author Mark | SHA |
| 100 ## - MAIN ENTRY--PERSONAL NAME | |
| Personal name | Shaheen, Arjumand |
| 9 (RLIN) | 1900 |
| 245 ## - TITLE STATEMENT | |
| Title | Bey mousam ki barish/ |
| Statement of responsibility, etc. | by Arjumand Shaheen |
| 260 ## - PUBLICATION, DISTRIBUTION, ETC. | |
| Place of publication, distribution, etc. | Islamabad: |
| Name of publisher, distributor, etc. | Live books, |
| Date of publication, distribution, etc. | 2000 |
| 300 ## - PHYSICAL DESCRIPTION | |
| Extent | 169 p. |
| 500 ## - GENERAL NOTE | |
| General note | Novel |
| 546 ## - LANGUAGE NOTE | |
| Language note | In Urdu |
| 650 ## - SUBJECT ADDED ENTRY--TOPICAL TERM | |
| Topical term or geographic name entry element | Urdu Literature- Novel |
| 9 (RLIN) | 1164 |
| 880 ## - ALTERNATE GRAPHIC REPRESENTATION | |
| Title | بے موسم کی بارش |
| Linkage | 245-02\(3\r |
| c | ارجمند شاہین |
| 880 ## - ALTERNATE GRAPHIC REPRESENTATION | |
| Title | ارجمند شاہین |
| Linkage | 100-02\(3\r |
| 880 ## - ALTERNATE GRAPHIC REPRESENTATION | |
| Title | اسلام آباد: |
| Linkage | 260-03\(3\r |
| b | لیو بکس، |
| c | 2000 |
| 942 ## - ADDED ENTRY ELEMENTS (KOHA) | |
| Source of classification or shelving scheme | |
| Koha item type | Book |
| Withdrawn status | Lost status | Source of classification or shelving scheme | Damaged status | Not for loan | Collection code | Permanent Location | Current Location | Shelving location | Date acquired | Total Checkouts | Total Renewals | Full call number | Barcode | Date last seen | Date last checked out | Copy number | Price effective from | Koha item type |
|---|---|---|---|---|---|---|---|---|---|---|---|---|---|---|---|---|---|---|
| Central Library (CL) | Central Library (CL) | Fiction | 06/02/2017 | 2 | 1 | 891.4391 SHA | CL1987 | 09/13/2023 | 05/16/2023 | 1 | 06/02/2017 | Book | ||||||
| Central Library (CL) | Central Library (CL) | Fiction | 06/28/2018 | 2 | 891.4391 SHA | CL1915 | 05/29/2024 | 03/19/2023 | 2 | 06/28/2018 | Book |
